000 00406nam a2200181Ia 4500
008 151018s9999 xx 000 0 und d
082 _bRBASDV51269
_a824
100 _aM N Roy
245 _aprom savagery to
250 _b1
260 _bRediance
_c2009
300 _a104
600 _aM N Roy
630 _aprom savagery to
700 _aM N Roy
730 _aprom savagery to
942 _cBOOK
999 _c1050161
_d1050158